000 00773nam a2200229Ia 4500
003 OSt
005 20220923221036.0
006 a|||||r|||| 00| 0
007 ta
008 220922b |||||||| |||| 00| 0 hin d
024 _a194,254
037 _cTextual
040 _aARTS
_cARTS
_bhin
041 _2hin
_ahin
082 _aO152,3:g, M11
100 _aअभिताभ, वेद प्रकाश
245 0 _aहिन्दी कहानी
_b एक अन्तर्यात्रा
246 _aHindī kahānī: ek antaryātrā
260 _aदिल्ली
_b साकेत समीर प्रका0
_c1988
942 _hO152,3:g, M11
_cTEXL
_2CC
999 _c346518
_d346518